Fouilles et découvertes (Registro nro. 310430)

Detalles MARC
000 -ENCABEZADO
Número de control [NR] 02298nam a22002897a 4500
005 - FECHA Y HORA DE LA ÚLTIMA TRANSACCIÓN
control field 20180815152330.0
008 - DE LONGITUD FIJA DE DATOS DE ELEMENTOS - INFORMACIÓN GENERAL
Elementos de longitud fija [NR] 180815s1875 fr |||fr|||| 000 0 fre d
040 ## - FUENTE DE CATALOGACION [NR]
Quien Cataloga Sandra Yazo
Quien Clasifica Sandra Yazo
041 0# - CODIGO DE IDIOMA [R]
Código de idioma para texto/pista de sonido o título separado [R] Francés
082 04 - NUMERO DE CLASIFICACION DECIMAL DEWEY [R]
Número de la edición [NR] 20
Número de clasificación [R] 940
092 ## - SIGNATURA TOPOGRAFICA LOCAL
Número de clasificación local E47N010
100 1# - ASIENTO PRINCIPAL--NOMBRE PERSONAL [NR]
Nombre personal [NR] Beulé, Charles Ernest
Fechas asociadas con el nombre [NR] 1826-1874
ID Autoridad 93322
242 00 - TRADUCCION DEL TITULO POR LA AGENCIA CATALOGADORA [R]
Título [NR] Excavaciones y descubrimientos.
Mención de responsabilidad, etc. [NR] Resumidos y analizados por M. Beulé en su relación con la Historia del Arte.
Nombre de la parte o sección [R] Tomo Primero: Grecia e Italia ;
-- Tomo Segundo: África y Asia.
Código de idioma del título traducido [NR] spa
245 10 - MENCION DE TITULO [NR]
Título [NR] Fouilles et découvertes
Mención de responsabilidad, etc. [NR] Resumées et discutées en vue de l’histoire de l’Art par M. Beulé.
Nombre de la parte/sección de la obra [R] Tome Premier. Grèce et Italie ... ;
-- Tome Second. Afrique et Asie.
250 ## - MENCION DE EDICION [NR]
Mención de edición [NR] Deuxième édition [Segunda edición]
260 ## - PUBLICACION, DISTRIBUCION, ETC. (PIE DE IMPRENTA) [R]
Lugar de publicación, distribución, etc. [R] París (Francia)
Nombre del editor, distribuidor, etc. [R] Librairie Académique. Didier et Cie ; Impr. Simon Raçon et Comp. [Librería Académica. Didier y Compañía ; Imprenta de Simón Raçon y Compañía]
Fecha de publicación, distribución, etc. [R] 1875
300 ## - DESCRIPCION FISICA [R]
Extensión [R] 432 ; 430 páginas
Dimensiones [R] 18 x 12 cm.
500 ## - NOTA GENERAL [R]
Nota general [NR] Detalles físicos: Otros detalles físicos: Encuadernación rígida (holandesa) en cartón forrado en papel jaspeado. Lomo de tela texturizada, con adornos en dorado. Guardas. Anteportada. Portada impresa en una sola tinta con un grabado con iniciales del editor. Texto impreso en una sola columna, con diferentes tipos y tamaños de letra. Notas de pie de página. Índice. Papel muy manchado. Tapas con residuos de cinta pegante, roturas internas en costura
505 1# - NOTA DE CONTENIDO CON FORMATO PREESTABLECIDO [R]
Nota de contenido con formato preestablecido [NR] V.1: Diario de mis excavaciones ; El templo de Juno de Argos ; Escuela de Atenas en Delfos ; La isla de Thasos ; El Olimpo y la Acarniana ; Italia (de 1846 a 1866) ; Etruria y los etruscos ; Las pinturas de Orvieto ; Los cristianos de la familia Flavia -- V.2: Notas de Cartago ; Las ruinas de Cyrene ; El vaso de Berenice ; Auguste Mariette y el Serapeion de Saqqara ; La gran Esfinge ; Nínive y arte asirio ; M ; Newton en Asia Menor ; Los monumentos de Éfeso ; Un edicto de Diocleciano ; Antigüedades en el Bósforo
506 ## - NOTA DE RESTRICCIONES DE ACCESO [R]
Condiciones de acceso [NR] Consulta en sala
546 ## - NOTA DE IDIOMA [R]
Nota de idioma [NR] Texto en francés
650 #7 - ASIENTO SECUNDARIO DE MATERIA - TERMINO TEMATICO [R]
9 (RLIN) 9371
Término temático o nombre geográfico como elemento de entrada [NR] Arqueología
Subdivisión geográfica [R] Europa
650 #7 - ASIENTO SECUNDARIO DE MATERIA - TERMINO TEMATICO [R]
9 (RLIN) 98
Término temático o nombre geográfico como elemento de entrada [NR] Arqueología
Subdivisión geográfica [R] Asia
650 #7 - ASIENTO SECUNDARIO DE MATERIA - TERMINO TEMATICO [R]
9 (RLIN) 15385
Término temático o nombre geográfico como elemento de entrada [NR] Excavaciones arqueológicas
Subdivisión cronológica [R] Siglo XIX
690 ## - ASUNTO AGREGADO LOCAL DE ENTRADA - TÉRMINO TEMÁTICO (OCLC, RLIN)
Acceso temático local Arqueología
9 (RLIN) 98
942 ## - ELEMENTOS DE ENTRADA AGREGADOS (KOHA)
Sistema de clasificación LOCAL
Tipo de ítem principal el descrito en 300a Libro
Edición 2
Clasificación E47N010
Existencias
Suprimido Perdido Sistema de clasificación Dañado No prestable Tipo de ítem específico Ubicación habitual Ubicación actual Localización Fecha de creación Forma de adquisición Costo Volúmen / Fascículo Total préstamos Signatura topográfica Código de barras Última vez visto Ejemplar Price effective from Tipo de ítem
    LOCAL     Libro archivo Archivo Histórico Archivo Histórico Archivo histórico 15/08/2018 Donación 0.00 V.1   E47N010 L006684 15/08/2018 Ej.1 15/08/2018 Libro
    LOCAL     Libro archivo Archivo Histórico Archivo Histórico Archivo histórico 15/08/2018 Donación 0.00 V.2   E47N010 L006685 15/08/2018 Ej.1 15/08/2018 Libro